Music Quiz

Random Music or Lyrics Quiz

Frank Sinatra: 'That's Life' Occupations Quiz Stats

 Plays Quiz Updated Oct 15, 2016

Support Sporcle.
Go Orange.
Score 0/6 Timer 01:00
1 Play Today
% Correct
king
83.8%
poet
81.9%
pauper
76.4%
puppet
72.3%
pawn
70.1%
pirate
67.8%

You're not logged in!

Compare scores with friends on all Sporcle quizzes.
OR
Log In

From the Vault

Countries: Longest Perimeter

by SWert

These are the countries that are the hardest to build a fence around.
Remove Ads.
Support Sporcle.
Get the best of Sporcle when you Go Orange. This ad-free experience offers more features, more stats, and more fun while also helping to support Sporcle. Thank you for becoming a member.

Show Comments

Extras

Top Quizzes Today


Score Distribution

Your Account Isn't Verified!

In order to create a playlist on Sporcle, you need to verify the email address you used during registration. Go to your Sporcle Settings to finish the process.

Report this User

Report this user for behavior that violates our Community Guidelines.

Details: